01903 a2200289 45000010006000000050017000060080041000230030015000640400040000790800060001192450059001792640126002383000019003645050994003831000014013777000017013917000019014087000024014277000015014517000016014667000023014827000015015057000018015207000018015387000028015567000029015845934820260407155847.0260407a1967 arg spa dAR-UNSa-BCEJYS aAR-UNSa-BCEJYSbspacAR-UNSa-BCEJYS a330.34(7/8)xDesarrollo Económico de América Latina10aLos empresarios y la integración de América Latina 1aBuenos Aires :bBID/INTAL (Banco Interamericano de Desarrollo. Instituto para la integración de América Latina)c1967 a163 p.c23 cm. a1. Papel del empresario en el proceso de integración / Gustavo Lagos – 2. Empresario, integración y desarrollo / Aldo Ferrer – 3. Experiencias y perspectivas de las reuniones sectoriales y de los acuerdos de complementación (ALALC) / Elvio Baldinelli – 4. El empresario y la industrializaciones en el proceso de integración centroamericana / Manuel Noriega Morales – 5. El aporte extranjero a la integración latinoamericana / José Zabala – 6. El papel que juega el capital extranjero en América Latina / Andrés Van Dam – 7. Las escuelas de administración de empresas en la integración latinoamericana / Antonio Angarita Silva, Ary Bouzán y Carlos Omar Bertero – 8. Algunas observaciones acerca de la industrialización y la integración en América Latina / Marcos D. Pollner – 9. Algunas notas sobre la experiencia industrial brasileña / Justo Pinheiro da Fonseca - 10. La integración como instrumento de desarrollo / José María Aragao - 1 aLagos, G.1 aFerrer, Aldo1 aBaldinelli, E.1 aNoriega Morales, M.1 aZabala, J.1 aVan Dam, A.1 aAngarita Silva, A.1 aBouzan, A.1 aBertero, C.O.1 aPollner, M.D.1 aPinheiro da Fonseca, J.1 aAragão, José María